| 000 | 00678nam a22002177a 4500 | ||
|---|---|---|---|
| 003 | OSt | ||
| 005 | 20240529055059.0 | ||
| 008 | 240529b |||||||| |||| 00| 0 eng d | ||
| 020 | _a9718614563 | ||
| 040 |
_aDWC - Main Lib _cOC |
||
| 082 | _a310.9 D812p 2017 | ||
| 100 | _aDuaso, Chrysler G. | ||
| 245 |
_aProbability & Statistics / _cChrysler G. Duaso. |
||
| 250 | _a2nd edition | ||
| 260 |
_aCebu City : _bDiego Inocencio Tapang Gillesania, _cc2017. |
||
| 300 |
_a324 pages : _billustrations ; _c22cm. |
||
| 504 | _aIncludes bibliographical references. | ||
| 650 | _a1. Statistics– study and teaching | ||
| 650 | _a 2. Probability ( Mathematics) | ||
| 942 |
_2ddc _cBK - FIL _n1 |
||
| 999 |
_c65 _d65 |
||